000 00693nam a2200265Ia 4500
003 OSt
005 20220918163429.0
006 a|||||r|||| 00| 0
007 ta
008 220917b |||||||| |||| 00| 0 eng d
020 _a0 7463 0737 3
024 _a30,857
037 _cTextual
040 _aARTS
_cARTS
_beng
041 _2eng
_aeng
082 _aO111,3M57:g, N4
100 _aWatts Cedric
_913114
245 0 _aJoseph Conrad
260 _aU
_bK Northcote House
_c1994
300 _axii;67p.
_ccm.
500 _aBib 55-62p; Includes index
650 _aENGLISH LITERATURE
942 _hO111,3M57:g, N4
_cTEXL
_2CC
999 _c119562
_d119562